Brownfield targets need incentives (Record no. 73804)

MARC details
000 -LEADER
fixed length control field 00972cam a2200193 4500
001 - CONTROL NUMBER
control field WB3944-19
008 - FIXED-LENGTH DATA ELEMENTS--GENERAL INFORMATION
fixed length control field 031118n2003 000 0 eng u
035 ## - SYSTEM CONTROL NUMBER
System control number (Sirsi) u124365
245 ## - TITLE STATEMENT
Title Brownfield targets need incentives
260 ## - PUBLICATION, DISTRIBUTION, ETC.
Date of publication, distribution, etc. 2003
490 ## - SERIES STATEMENT
Series statement English Partnerships Press Release
Volume/sequential designation 6 November 2003 (2)
520 ## - SUMMARY, ETC.
Summary, etc. A recent English Partnerships report "Towards a national brownfield strategy" has revealed that a third of the country's total of 65 000ha of brownfield stock can be used for new housing. The lack of suitable sites is blamed on increased land tax and limited spending on infrastructure. Copies of the report can be downloaded from http://www.englishpartnerships.co.uk/pages/page_01.asp?PageID=441. http://www.englishpartnerships.co.uk/pages/news_detail.asp?PageID=200&NewsID=220
590 ## - LOCAL NOTE (RLIN)
Local note WB
650 ## - SUBJECT ADDED ENTRY--TOPICAL TERM
Topical term or geographic name entry element BROWNFIELD LAND
650 ## - SUBJECT ADDED ENTRY--TOPICAL TERM
Topical term or geographic name entry element HOUSING TARGETS
650 ## - SUBJECT ADDED ENTRY--TOPICAL TERM
Topical term or geographic name entry element SUSTAINABLE DEVELOPMENT
690 ## - LOCAL SUBJECT ADDED ENTRY--TOPICAL TERM (OCLC, RLIN)
Topical term or geographic name as entry element REGENERATION
942 ## - ADDED ENTRY ELEMENTS (KOHA)
Suppress in OPAC 0
Holdings
Withdrawn status Lost status Source of classification or shelving scheme Damaged status Not for loan Home library Current library Shelving location Date acquired Total Checkouts Full call number Barcode Date last seen Copy number Price effective from Koha item type
    Dewey Decimal Classification     London London News article 18/11/2003   WB3944-19 124365-1001 06/08/2019 1 06/08/2019 News article